Cuentos del decamerón

Uloženo v:
Podrobná bibliografie
Hlavní autor: Boccaccio, Giovanni (Autor)
Médium: Kniha
Jazyk:španělština
Vydáno: Madrid RBA Coleccionables 2000
Edice:Historia de la Literatura
Témata:
Tagy: Přidat tag
Žádné tagy, Buďte první, kdo vytvoří štítek k tomuto záznamu!

MARC

LEADER 00000nam a2200000 a 4500
001 UCH8423
003 CL-VaPUC
008 091127e20000000SP |||||||||||||||||spa|d
020 |a 8447301176 Historia de la Literatura 
020 |a 8447304019 Cuentos del decamerón 
082 0 4 |a 853  |b BOC  |2 21 
100 0 |a Boccaccio, Giovanni  |e author  |9 397 
245 1 0 |a Cuentos del decamerón 
300 |a 315 p 
942 |c BK 
945 |d 20091127 00:00:00 
260 |a Madrid  |b RBA Coleccionables  |c 2000 
650 0 |a Literatura italiana  |9 266970 
650 0 |a Novela italiana  |9 265740 
583 |a last modification  |c 20091127 00:00:00  |k Rodrigo Vera 
490 0 |a Historia de la Literatura 
999 |c 338637  |d 338635